<?xml version="1.0" encoding="UTF-8"?><?xml-stylesheet type="text/xsl" href="static/style.xsl"?><OAI-PMH xmlns="http://www.openarchives.org/OAI/2.0/" xmlns:xsi="http://www.w3.org/2001/XMLSchema-instance" xsi:schemaLocation="http://www.openarchives.org/OAI/2.0/ http://www.openarchives.org/OAI/2.0/OAI-PMH.xsd"><responseDate>2026-06-05T02:09:22Z</responseDate><request verb="GetRecord" identifier="oai:riubu.ubu.es:10259/3739" metadataPrefix="marc">https://riubu.ubu.es/oai/request</request><GetRecord><record><header><identifier>oai:riubu.ubu.es:10259/3739</identifier><datestamp>2023-10-05T12:11:07Z</datestamp><setSpec>com_10259_5088</setSpec><setSpec>com_10259_2728</setSpec><setSpec>col_10259_2761</setSpec></header><metadata><record xmlns="http://www.loc.gov/MARC21/slim" xmlns:doc="http://www.lyncode.com/xoai" xmlns:xsi="http://www.w3.org/2001/XMLSchema-instance" xmlns:dcterms="http://purl.org/dc/terms/" xsi:schemaLocation="http://www.loc.gov/MARC21/slim http://www.loc.gov/standards/marcxml/schema/MARC21slim.xsd">
<leader>00925njm 22002777a 4500</leader>
<datafield tag="042" ind1=" " ind2=" ">
<subfield code="a">dc</subfield>
</datafield>
<datafield tag="720" ind1=" " ind2=" ">
<subfield code="a">Domingo Angulo, Emilio de</subfield>
<subfield code="e">author</subfield>
</datafield>
<datafield tag="520" ind1=" " ind2=" ">
<subfield code="a">El principal objetivo de este estudio es analizar un fenómeno reciente en nuestro país y&#xd;
que también ha proliferado en la provincia de Burgos, como es, el de los Centros de&#xd;
Interpretación. Este fenómeno surge con la incorporación del turismo de masas que&#xd;
quiere disfrutar del patrimonio y de su consiguiente nueva museografía adaptada a un&#xd;
público heterogéneo que demanda un discurso expositivo más didáctico, cercano e&#xd;
incluso lúdico.&#xd;
En este trabajo pretendemos analizar lo que supone esta nueva interpretación del&#xd;
patrimonio, cuáles son los objetivos que se plantean estos centros de interpretación&#xd;
desde el punto de vista de la metodología, museografía y didáctica, con el fin de&#xd;
estudiar los casos en la provincia de Burgos referidos a la temática artística, histórica y&#xd;
arqueológica. Cómo se comunican a nivel expositivo y cómo se proyectan hacia el&#xd;
exterior y qué canales utilizan, es otro de los temas a tratar. Finalmente abordaremos la gestión de estos centros y analizaremos los resultados de&#xd;
cada una de las variables recogidas en el trabajo de campo, para ver el futuro de estas&#xd;
instalaciones.</subfield>
</datafield>
<datafield tag="520" ind1=" " ind2=" ">
<subfield code="a">The main objective of this study is to analyze a recent phenomenon in our country and&#xd;
which has also proliferated in the province of Burgos, such as interpretation centers.&#xd;
This phenomenon comes from the new museographic wave and is being imposed at&#xd;
this time, due to the incorporation of mass tourism that wants to enjoy the heritage.&#xd;
First of all, we will analyze what this new interpretation of heritage is, which objectives&#xd;
these centers of interpretation must reach from the point of view of methodology,&#xd;
museography and didactics, in order to study the cases in the province of Burgos in the&#xd;
art, historical and archaeological field one by one. How they are communicated to&#xd;
exhibition level and how they are projected to the outside and what channels are used,&#xd;
is another of the issues to deal with.&#xd;
Finally we will look at the management of these centers and analyze the findings from&#xd;
each of the variables collected in the field, the future we believe that he awaits.</subfield>
</datafield>
<datafield tag="024" ind2=" " ind1="8">
<subfield code="a">http://hdl.handle.net/10259/3739</subfield>
</datafield>
<datafield ind1=" " ind2=" " tag="653">
<subfield code="a">Centros Interpretación</subfield>
</datafield>
<datafield ind1=" " ind2=" " tag="653">
<subfield code="a">Patrimonio</subfield>
</datafield>
<datafield ind1=" " ind2=" " tag="653">
<subfield code="a">Comunicación</subfield>
</datafield>
<datafield ind1=" " ind2=" " tag="653">
<subfield code="a">Burgos</subfield>
</datafield>
<datafield ind1=" " ind2=" " tag="653">
<subfield code="a">Turismo cultural</subfield>
</datafield>
<datafield ind1=" " ind2=" " tag="653">
<subfield code="a">Centers of interpretation</subfield>
</datafield>
<datafield ind1=" " ind2=" " tag="653">
<subfield code="a">Heritage</subfield>
</datafield>
<datafield ind1=" " ind2=" " tag="653">
<subfield code="a">Communication</subfield>
</datafield>
<datafield ind1=" " ind2=" " tag="653">
<subfield code="a">Heritage tourism</subfield>
</datafield>
<datafield tag="245" ind1="0" ind2="0">
<subfield code="a">Los centros de interpretación históricos, artísticos y arqueológicos en la provincia de Burgos: estudio analítico descriptivo</subfield>
</datafield>
</record></metadata></record></GetRecord></OAI-PMH>